000
00315nam a22001457a 4500
008
210224b ||||| |||| 00| 0 eng d
020
_a
9780136116745
041
_a
eng
080
_a
72
082
_a
72
100
_a
41
101
_a
ARK
245
_a
Network Computing Architecture
_c
Zahn,L
942
_2
udc
_c
BK
999
_c
55163
_d
55163